00425nam a22001337a 450000500170000000800410001704100130005808200120007110000120008324500940009526000470018930000300023665000250026620240719060306.0240719b |||||||| |||| 00| 0 eng d aEnglish  a349 SOU lEnglish aSouth African Law Reports :bwith which are amalgamated The All South African Law Reports aCape Town : bJuta and Company Ltd, c1975 bxvi, 983 pages ; c26 cm. aLegal practice bLaw